| 000 | 00530nam a2200169 i 4500 | ||
|---|---|---|---|
| 001 | 128588 | ||
| 003 | ES-MaACL | ||
| 005 | 20230906193322.0 | ||
| 007 | t| | ||
| 008 | 070521s1918 xxu ||||1| eng d | ||
| 100 | 1 |
_aTarr, Ralph S. _9109314 |
|
| 245 | 1 | 0 |
_aA laboratory manual for physical and commercial geography / _cby Ralph S. Tarr and O.D. von Engeln. |
| 260 |
_aNew York : _bThe Macmillan Company, _c1918. |
||
| 300 |
_aVII, 214 p., 14 h. ; _c26 cm. |
||
| 700 | 1 |
_aEngeln, O. D. von. _947224 |
|
| 852 |
_aES-MaACL _jC-1883 |
||
| 999 |
_c128588 _d128588 |
||